000
00245nam a2200097Ia 4500
001
706409
005
20250826162448.0
008
250824s9999 xx 000 0 und d
245
0
_a
KÜTÜBİ SİTTE VI
_c
İBRAHİM CANAN
260
_b
AKÇAĞ YAYINLARI
999
_c
706409
_d
706409